Súčasný stav daňovej harmonizácie v EÚ

Gespeichert in:
Bibliographische Detailangaben
1. Verfasser: Stašková, Slavomíra, 1989-
Format: Buchkapitel
Sprache:Slowakisch
Tags: Tag hinzufügen
Keine Tags, Fügen Sie das erste Tag hinzu!

MARC

LEADER 00000nla a2200000 4500
001 0227032
005 20240502073736.9
041 0 |a slo 
044 |a SK 
245 1 0 |a Súčasný stav daňovej harmonizácie v EÚ  |c Slavomíra Stašková 
500 |a Abstrakt 
100 1 |a Stašková, Slavomíra, 1989-